000 03591nam a22005057a 4500
001 B-266252-271
003 dpl
005 20080716142442.0
008 080530t xxu||||| |||| 00| 0 eng d
010 _aB-266252-271
020 _a0340893141
_c60.00
035 _aB-266252-271
040 _aDPL
_bEN
082 _aS
100 _aBlyton, Enid
245 _aThree cheers, secret seven /
_cby Enid Blyton
260 _aLondon
_bHodder Headline
_c2004
270 _bNew York
300 _a122p.
_c18 cm (Hb)
490 _aThe secret seven 8
942 _2ddc
_cCH
_hS
_mBLY
999 _c13172
_d13172